01076nam a2200217 a 4500008004100000020001500041050001600056100002300072245004700095250001200142260003600154300002300190350000900213650003400222650002600256995014100282995015500423999001700578952013100595952013200726120416s1980 ||||||||||||||||| || u a0133158616 aHG 4011 Van aVan Horne, James C10aFinancial management and policy. (5th ed.) a5th ed. aLondon:bFT Prentice-Hallc1980 axvii, 808p. : ill. a0.00 0aFINANCE--DEVELOPING COUNTRIES aCORPORATIONS--FINANCE aBINDERY (DAMAGED)D0.00e708514FCBU-MAIN LIBRARY (Kitwe)H1I25.95jHG 4011 VanM1UDAMAGEDy45477ZMain Library Open Access Collection aBINDERY (DAMAGED)D0.00e718784FCBU-MAIN LIBRARY (Kitwe)H1I0.00jHG 4011 VanM2UDAMAGEDWJun 12, 2009y718784ZMain Library Open Access Collection c63097d63097 00102lcc4070a001b001cMain Library Open Access Collectiond2022-12-24l0oHG 4011 Vanp45477r2022-12-24w2022-12-24y002 00102lcc4070a001b001cMain Library Open Access Collectiond2022-12-24l0oHG 4011 Vanp718784r2022-12-24w2022-12-24y002